[Event "Penang op 15th"]
[Site "Penang"]
[Date "2023.12.18"]
[Round "2"]
[White "Sabar, Tobing"]
[Black "Cairel Adrin, Rumi Arjuna Malique"]
[Result "0-1"]
[WhiteElo "1915"]
[BlackElo "1570"]
[PlyCount "98"]
[EventDate "2023.12.18"]
[EventType "swiss"]
[EventRounds "9"]
[EventCountry "MAS"]
[SourceTitle "CB52_2023"]
[SourceDate "2023.12.27"]
[SourceVersion "1"]
[SourceVersionDate "2023.12.27"]
[SourceQuality "1"]

1. e4 e5 2. f4 d6 3. Nf3 Nc6 4. Bb5 Bd7 5. d3 exf4 6. Bxf4 Be7 7. 0-0 Nf6 8. Nc3 0-0 9. d4 Bg4 10. Be3 d5 11. e5 Ne4 12. Bd3 f5 13. Qc1 Qd7 14. a3 Nd8 15. Ne2 Ne6 16. c4 c6 17. Nf4 Nxf4 18. Bxf4 Rac8 19. b4 Qe6 20. Qc2 h6 21. h3 Bh5 22. Nh2 g5 23. Be3 Bg6 24. Rae1 Kg7 25. Bc1 a6 26. c5 Rh8 27. a4 Rcf8 28. Qb3 Ng3 29. Rf3 f4 30. Bxg6 Qxg6 31. b5 axb5 32. axb5 Nf5 33. Bb2 Ne3 34. Bc1 Nf5 35. Rd1 h5 36. Rf2 Ng3 37. Ra2 Ne4 38. bxc6 bxc6 39. Ra7 Rf7 40. Ra6 g4 41. h4 f3 42. Ra7 f2+ 43. Kf1 Rb8 44. Qe3 Rbf8 45. g3 Kg8 46. Kg2 Rf3 47. Rxe7 Rxe3 48. Bxe3 Nc3 49. Ra1 Qe4+ 0-1